| 000 | 00640cab a2200217 4500 | ||
|---|---|---|---|
| 001 | WB3417-24 | ||
| 008 | 090401t1998 xxu||||| |||| 00| 0 eng d | ||
| 035 | _a(Sirsi) u86105 | ||
| 041 | _aeng | ||
| 245 | _aPFI delay tackled | ||
| 260 | _c1998 | ||
| 350 | _a0 | ||
| 490 |
_aContract Journal _v393(6174) 7 May 1998, 2(1) |
||
| 520 | _aTreasury has issued a consultation paper which aims to tackle delays to private finance projects thereby cutting costs. | ||
| 650 | _aCONSULTATION PAPER | ||
| 650 | _aDELAYS | ||
| 650 | _aPFI PROJECTS | ||
| 690 | _aPROPERTY-PROPERTY FINANCE AND INVESTMENT | ||
| 942 | _n0 | ||
| 948 | _c08/05/1998 | ||
| 999 |
_c54170 _d54170 |
||